Things that are Purple by Picture - Statistics

General Stats
  • This quiz has been taken 61 times
  • The average score is 8 of 15
Answer Stats
Picture Hint Answer % Correct
vegetable Eggplant
94%
fruit Grapes
90%
children's show character Barney
80%
flower Lavender
67%
United States military decoration Purple Heart
67%
the clothes of this musician Prince
65%
mineral Amethyst
59%
time of day Twilight
59%
noble gas (in a gas discharge tube) Argon
39%
flower Lilac
35%
this city's Oriental Pearl Tower at night Shanghai
33%
flower Wisteria
24%
this city's flag Tokyo
22%
fruit Mangosteen
14%
Tyrian purple, a dye made by this ancient civilization Phoenicia
12%
No matching quizzes found
Score Distribution
Percent of People with Each Score
Percentile by Number Answered
Your Score History
You have not taken this quiz